Oxford grammar for EAP: english grammar and practice for academic purposes with answers
Salvato in:
| Autore principale: | |
|---|---|
| Natura: | Libro |
| Lingua: | inglese |
| Pubblicazione: |
Oxford
Oxford University Press
2017
|
| Edizione: | 1a. ed |
| Soggetti: | |
| Tags: |
Aggiungi Tag
Nessun Tag, puoi essere il primo ad aggiungerne!!
|
MARC
| LEADER | 00000cam a2200000 a 4500 | ||
|---|---|---|---|
| 001 | UCC0917 | ||
| 003 | CL-VaPUC | ||
| 008 | 170908e20170000uk |||||||||||||||||eng|d | ||
| 020 | |a 9780194329996 | ||
| 082 | 0 | 4 | |a 425 |b PAT |2 21 |
| 100 | |a Paterson, Ken |e author |9 594900 | ||
| 245 | 1 | 0 | |a Oxford grammar for EAP: english grammar and practice for academic purposes with answers |
| 250 | |a 1a. ed | ||
| 300 | |a 223 p | ||
| 942 | |c BK | ||
| 945 | |d 20170908 13:53:00 |a arojas | ||
| 260 | |a Oxford |b Oxford University Press |c 2017 | ||
| 650 | 0 | |a Lengua inglesa |9 318842 | |
| 650 | 7 | |a GRAMATICA DEL INGLES |2 CL-VaPUC |9 555982 | |
| 650 | 0 | |a Enseñanza del inglés |9 367340 | |
| 583 | |a last modification |c 20170908 13:53:00 |k Rodrigo Vera | ||
| 999 | |c 369562 |d 369560 | ||
| 952 | |0 0 |1 0 |3 erb |4 0 |6 425_000000000000000_PAT_2017 |7 0 |8 A |9 485463 |a BIBEDU |b BIBEDU |i 5423708 |o 425 PAT 2017 |p 5423708 |r 2019-11-24 |w 2019-11-24 |y BK |z Catalogado en:20170908 |k LIT | ||